Catholic University of Zimbabwe Library
Online Public Access Catalogue
(OPAC)

Social and sustainable enterprise (Record no. 31064)

MARC details
000 -LEADER
fixed length control field 03972nam a2200469Ia 4500
001 - CONTROL NUMBER
control field bslw08948349
003 - CONTROL NUMBER IDENTIFIER
control field UtOrBLW
005 - DATE AND TIME OF LATEST TRANSACTION
control field 20210303085156.0
006 - FIXED-LENGTH DATA ELEMENTS--ADDITIONAL MATERIAL CHARACTERISTICS
fixed length control field m d
007 - PHYSICAL DESCRIPTION FIXED FIELD--GENERAL INFORMATION
fixed length control field cr un|||||||||
008 - FIXED-LENGTH DATA ELEMENTS--GENERAL INFORMATION
fixed length control field 121129s2012 enka o 000 0 eng d
020 ## - INTERNATIONAL STANDARD BOOK NUMBER
International Standard Book Number 9781781902554 (electronic bk.) :
Terms of availability £62.95 ; €89.95 ; $113.95
040 ## - CATALOGING SOURCE
Original cataloging agency UtOrBLW
Transcribing agency UtOrBLW
050 #4 - LIBRARY OF CONGRESS CALL NUMBER
Classification number HD30.255
Item number .S63 2012
072 #7 - SUBJECT CATEGORY CODE
Subject category code KJH
Source bicssc
072 #7 - SUBJECT CATEGORY CODE
Subject category code RNT
Source bicssc
072 #7 - SUBJECT CATEGORY CODE
Subject category code BUS060000
Source bisacsh
072 #7 - SUBJECT CATEGORY CODE
Subject category code BUS025000
Source bisacsh
072 #7 - SUBJECT CATEGORY CODE
Subject category code BUS062000
Source bisacsh
080 ## - UNIVERSAL DECIMAL CLASSIFICATION NUMBER
Universal Decimal Classification number 658
082 04 - DEWEY DECIMAL CLASSIFICATION NUMBER
Classification number 658.408
Edition number 23
245 00 - TITLE STATEMENT
Title Social and sustainable enterprise
Medium [electronic resource] :
Remainder of title changing the nature of business /
Statement of responsibility, etc. Sarah Underwood ... [et al.].
260 ## - PUBLICATION, DISTRIBUTION, ETC.
Place of publication, distribution, etc. Bingley, U.K. :
Name of publisher, distributor, etc. Emerald,
Date of publication, distribution, etc. 2012.
300 ## - PHYSICAL DESCRIPTION
Extent 1 online resource (xv, 194 p.) :
Other physical details ill.
490 1# - SERIES STATEMENT
Series statement Contemporary issues in entrepreneurship research,
International Standard Serial Number 2040-7246 ;
Volume/sequential designation v. 2
505 0# - FORMATTED CONTENTS NOTE
Formatted contents note Introduction to social and sustainable enterprise : changing the nature of business / Sarah Underwood ... [et al.] -- Process of social entrepreneurship in India : the case of Goonj / Sarika Pruthi -- Radical innovation strategies of environmental-technology entrepreneurs in the Dutch greenhouse horticulture sector / Maikel Kishna ... [et al.] -- New business models for a low-carbon future : case studies from the energy sector / Mark Hinnells, Isobel O'Neil -- Green entrepreneurship : building a green economy? : evidence from the UK / David Gibbs, Kirstie O'Neill -- Environmental responsibility in micro-enterprises : exploring the relationship between disclosure and practice / Simon N. Parry -- Does a CSR focus lead to innovation in established firms? / Christina Öberg -- Are companies maintaining social benefits in constrained economic times? / María Dolores Vidal-Salazar, Vera Ferrón-Vilchez, Eulogio Cordón-Pozo -- Corporate social responsibility (CSR) in small and medium-sized enterprises : a developing country perspective / Shahnaz Ibrahim, Dima Jamali, Mine Karatas-Ozkan.
520 ## - SUMMARY, ETC.
Summary, etc. With current environmental, social and financial challenges facing society and the economy, there has been a rapid growth in interest in the role of social and sustainable enterprise. Accordingly, as government, industry and communities seek to find alternative ways to deliver product and services, this volume seeks to draw together contemporary entrepreneurial research which addresses current social and environmental issues, such as: social and community enterprise and entrepreneurship, including the tension between maintaining core social aims and continuing to prosper in a highly competitive and turbulent marketplace. Sustainable entrepreneurship and environmental impacts of enterprise, for example the pursuit of environmentally-responsible opportunities by mainstream enterprises, the creation of self-consciously 'eco-preneurial' ventures and more radical models that challenge prevailing assumptions about enterprise and growth; and ethics, enterprise and social responsibility, including the growth of ethical markets and the opportunities they create, such as providing services for disadvantaged groups or facilitating markets in fairly-traded goods and services.
588 0# - SOURCE OF DESCRIPTION NOTE
Source of description note Print version record
650 #7 - SUBJECT ADDED ENTRY--TOPICAL TERM
Topical term or geographic name entry element Business & Economics
General subdivision Small Business.
Source of heading or term bisacsh
650 #7 - SUBJECT ADDED ENTRY--TOPICAL TERM
Topical term or geographic name entry element Business & Economics
General subdivision Entrepreneurship.
Source of heading or term bisacsh
650 #7 - SUBJECT ADDED ENTRY--TOPICAL TERM
Topical term or geographic name entry element Business & Economics
General subdivision Structural Adjustment.
Source of heading or term bisacsh
650 #7 - SUBJECT ADDED ENTRY--TOPICAL TERM
Topical term or geographic name entry element Entrepreneurship.
Source of heading or term bicssc
650 #7 - SUBJECT ADDED ENTRY--TOPICAL TERM
Topical term or geographic name entry element Social impact of environmental issues.
Source of heading or term bicssc
650 #0 - SUBJECT ADDED ENTRY--TOPICAL TERM
Topical term or geographic name entry element Business
General subdivision Environmental aspects.
650 #0 - SUBJECT ADDED ENTRY--TOPICAL TERM
Topical term or geographic name entry element Industries
General subdivision Social aspects.
650 #0 - SUBJECT ADDED ENTRY--TOPICAL TERM
Topical term or geographic name entry element Sustainable development.
700 1# - ADDED ENTRY--PERSONAL NAME
Personal name Underwood, Sarah.
700 1# - ADDED ENTRY--PERSONAL NAME
Personal name Murray, Alan.
776 1# - ADDITIONAL PHYSICAL FORM ENTRY
International Standard Book Number 9781781902547
830 #0 - SERIES ADDED ENTRY--UNIFORM TITLE
Uniform title Contemporary issues in entrepreneurship research ;
Volume/sequential designation v. 2.
856 40 - ELECTRONIC LOCATION AND ACCESS
Uniform Resource Identifier <a href="https://www.emerald.com/insight/publication/doi/10.1108/S2040-7246(2012)2">https://www.emerald.com/insight/publication/doi/10.1108/S2040-7246(2012)2</a>
Holdings
Withdrawn status Lost status Source of classification or shelving scheme Damaged status Not for loan Home library Current library Shelving location Date acquired Total Checkouts Full call number Date last seen Uniform Resource Identifier Price effective from Koha item type
          Digital Library Digital Library Online Access 03.03.2021   HD30.255 .S63 2012 03.03.2021 https://www.emerald.com/insight/publication/doi/10.1108/S2040-7246(2012)2 03.03.2021 eBook

OPENING HOURS

Weekdays: 0815hrs - 1800hrs
Weekends:0900hrs - 1200hrs

Closed for Mass:

Mon, Thur: 1200hrs - 1300hrs
Sunday & Public Holiday’s

CALL SUPPORT

0242-570570, 0242-570169
09200664, +263 8644140602

LOCATION

18443, Cranborne Avenue, Hatfield, Harare

Other Links


©2021 | CUZ Library